Least Explored Country Maps on Geoguessr - Statistics

General Stats
  • This quiz has been taken 222 times
  • The average score is 12 of 25
Answer Stats
Times taken Map % Correct
7 629 Eswatini
64%
8 715 Lesotho
63%
8 578 Andorra
61%
5 709 San Marino
59%
7 861 Uganda
56%
7 714 Kenya
53%
3 384 Laos
53%
9 282 Monaco
53%
6 932 Ghana
52%
4 981 Bhutan
51%
8 394 Guatemala
50%
9 587 Malta
50%
6 605 Jordan
49%
7 358 Nigeria
49%
9 143 Dominican Republic
48%
9 261 Albania
46%
7 871 Cambodia
46%
5 471 Sri Lanka
46%
9 559 Montenegro
45%
7 120 Kyrgyzstan
44%
9 054 Tunisia
43%
9 104 Bangladesh
40%
7 023 Vietnam
38%
4 630 Madagascar
37%
9 227 Bolivia
36%
No matching quizzes found
Score Distribution
Percent of People with Each Score
Percentile by Number Answered
Your Score History
You have not taken this quiz